Statistics for CIAC Boys Basketball State Champions (Connecticut)

Click here to take the quiz!

General Stats

  • This quiz has been taken 6 times
  • The average score is 239 of 341

Answer Stats

Year and Division or ClassWinning School% Correct
1995 - Class LAnsonia
100%
1939 - Class L | 1975 - Class LL | 2003 - Class LL | +2 othersBridgeport Central
100%
1989 - Class LLDanbury
100%
1951 - Class MDerby
100%
1939 - Class M | 1944 - Class MEast Hartford
100%
1969 - Class L | 1997 - Class LL | 2015 - Class LLFairfield Prep
100%
1962 - Class L | 1993 - Class LL | 1994 - Class LLHartford Public
100%
1971 - Class M | 1985 - Class M | 1999 - Class M | +2 othersKolbe Cathedral
100%
1932 - Class C-D | 1933 - Class C-D | 1934 - Class C-D | +5 othersNew Canaan
100%
1975 - Class L | 1989 - Class M | 1990 - Class M | +5 othersNew London
100%
1966 - Class L | 1982 - Class LL | 1996 - Class LLNorwalk
100%
2018 - Division INotre Dame-Fairfield
100%
1952 - Class MShelton
100%
1992 - Class LLStamford
100%
1975 - Class S | 1977 - Class S | 1986 - Class M | +8 othersSt. Joseph
100%
2008 - Class M | 2010 - Class LStratford
100%
1943 - Class L | 1973 - Class L | 1976 - Class L | +9 othersWarren Harding
100%
1987 - Class LLWest Haven
100%
1988 - Class S | 2005 - Class MAvon
75%
1940 - Class L | 1989 - Class LBassick
75%
2006 - Class MBerlin
75%
1977 - Class LL | 1983 - Class LLBrien McMahon
75%
1927 - Class A | 1928 - Class A | 1929 - Class A | +2 othersBristol
75%
1990 - Class L | 2022 - Division IIBristol Central
75%
2000 - Class LL | 2009 - Class LBulkeley
75%
1951 - Class LBulkeley-New London
75%
2015 - Class LBunnell
75%
1967 - Class S | 1968 - Class S | 1969 - Class S | +6 othersCromwell
75%
1998 - Class L | 2005 - Class LL | 2008 - Class LLCrosby
75%
2022 - Division IIIDaniel Hand
75%
1958 - Class MDarien
75%
1954 - Class M | 1955 - Class M | 1957 - Class M | +3 othersEast Haven
75%
2019 - Division IIIFarmington
75%
2013 - Class SGranby Memorial
75%
1924 - Class A | 1926 - Class A | 1932 - Class A | +21 othersHillhouse
75%
1988 - Class LL | 1995 - Class LL | 2000 - Class LHoly Cross
75%
1976 - Class LLLee
75%
2008 - Class LMaloney
75%
1938 - Class LManchester
75%
1935 - Class A | 1936 - Class LMeriden
75%
1949 - Class L | 1950 - Class LNew Britain
75%
1935 - Class C-D | 1942 - Class S | 1947 - Class S | 2005 - Class SOld Saybrook
75%
1980 - Class MPomperaug
75%
2002 - Class SRocky Hill
75%
1949 - Class M | 1967 - Class L | 1984 - Class M | +6 othersSacred Heart
75%
1937 - Class SStaples
75%
1974 - Class M | 1975 - Class M | 1988 - Class MSt. Paul Catholic
75%
1973 - Class S | 1979 - Class M | 1981 - Class M | +3 othersSt. Thomas Aquinas
75%
1962 - Class S | 1990 - Class S | 1991 - Class SThomaston
75%
1996 - Class M | 1999 - Class L | 2001 - Class M | +4 othersTrinity Catholic
75%
1954 - Class L | 1956 - Class L | 1957 - Class L | +5 othersWeaver
75%
1958 - Class L | 1959 - Class L | 1960 - Class L | +11 othersWilbur Cross
75%
1998 - Class LL | 1999 - Class LL | 2009 - Class LL | 2014 - Class LWindsor
75%
1966 - Class M | 1967 - Class MAbbott Tech
50%
1981 - Class SBacon Academy
50%
1938 - Class S | 1946 - Class S | 1961 - Class S | +3 othersBloomfield
50%
1927 - Class C | 1930 - Class C-D | 1936 - Class M | +6 othersBranford
50%
2017 - Class MBrookfield
50%
1928 - Class C | 1978 - Class SCanton
50%
2012 - Class LCareer Magnet
50%
1974 - Class SCoginchaug Regional
50%
1989 - Class SCoventry
50%
1965 - Class M | 1968 - Class L | 1972 - Class L | +4 othersEast Catholic
50%
2007 - Class SEast Windsor
50%
1963 - Class S | 1972 - Class SEllington
50%
1939 - Class S | 1940 - Class S | 1941 - Class S | +4 othersEllsworth
50%
2004 - Class SEnfield
50%
1998 - Class SGilbert
50%
2003 - Class S | 2010 - Class SHyde Leadership
50%
1976 - Class S | 2012 - Class S | 2016 - Class S | 2018 - Division IIImmaculate
50%
2019 - Division VInnovation
50%
1931 - Class C-DKillingly
50%
1964 - Class SLaSallette
50%
1996 - Class SLewis Mills
50%
1925 - Class C-D | 1926 - Class C-D | 1959 - Class S | 1965 - Class SLitchfield
50%
1940 - Class M | 1948 - Class M | 1953 - Class MLyman Hall
50%
1941 - Class MManchester Trade
50%
1993 - Class S | 1997 - Class SMarianapolis Prep
50%
1964 - Class M | 1968 - Class M | 1969 - Class M | +4 othersMiddletown
50%
1992 - Class MMorgan
50%
1922 - Class A | 1930 - Class A | 1931 - Class A | 1942 - Class LNaugatuck
50%
1972 - Class M | 1973 - Class M | 1998 - Class M | +3 othersNorthwest Catholic
50%
1943 - Class M | 1959 - Class M | 1961 - Class M | 2006 - Class SPlainville
50%
1966 - Class S | 1982 - Class SPortland
50%
1986 - Class SPutnam
50%
2010 - Class MSheehan
50%
1924 - Class C-D | 1952 - Class SSimsbury
50%
1992 - Class S | 1994 - Class SSomers
50%
1970 - Class L | 1974 - Class L | 1977 - Class L | +2 othersSouth Catholic
50%
1970 - Class M | 1971 - Class LSouth Windsor
50%
1953 - Class SStafford
50%
1981 - Class L | 1982 - Class LSt. Bernard
50%
1950 - Class M | 1956 - Class MStonington
50%
1960 - Class S | 1985 - Class S | 1999 - Class S | 2000 - Class SSuffield
50%
1928 - Class D | 1936 - Class S | 1954 - Class S | +3 othersTerryville
50%
1925 - Class A | 1944 - Class L | 2006 - Class LTorrington
50%
1927 - Class D | 1929 - Class C-D | 1944 - Class S | +4 othersTourtellotte
50%
2011 - Class S | 2013 - Class MValley Regional
50%
2012 - Class M | 2018 - Division III | 2019 - Division IIWaterford
50%
2007 - Class MWeston
50%
1923 - Class A | 1953 - Class LWilby
50%
1941 - Class L | 2022 - Division VWindham
50%
2001 - Class SWindsor Locks
50%
2013 - Class LWoodstock Academy
50%

Score Distribution

Percentile by Number Answered

Percent of People with Each Score

Your Score History

You have not taken this quiz